000 00693nam a22002297a 4500
005 20170124110130.0
010 _aA-383653
020 _c70.00
035 _aA-383653
037 _bCen Lib/Ret
040 _aDPL
_bEN
082 _a657.42
_bRAT
100 _aRathnam, P.V.
_932075
245 _aRathnam's advanced costing adviser :
_cby P.V.Rathnam [and] P.Lalitha
_bproblems & solutions /
260 _aNew Delhi
_bKitab Mahal
_c1989
270 _a28, Netaji Subhash Marg
_bNew Delhi
_e110002
300 _a636p.
_c21cm(Hb)
650 _aCost accounting
_932076
650 _aMarginal costing
_932077
700 _aLalitha, P.
_926141
942 _2ddc
_cEN
_h657.42
_mRAT
999 _c131551
_d131551